000 01194nam a2200229Ia 4500
001 L590-26332
003 IT-CnALBA
008 170116s9999||||xx |||||||||||||| ||und||
040 _aIT-CnALBA
_cIT-CnALBA
041 _aITALIANO
100 _aBUFFON, GIORGIO LUIGI LECLERC, CONTE DI
245 0 _aOPERE COMPLETE DI BUFFON. - VOL. IV: QUARZO. GEMME. STALATTITI. GEMME PREZIOSE.
250 _a1a ed.
260 _aNAPOLI
_bSTABILIMENTO TIPOGRAFICO
_c1875 [1° Ed.:1875 - Ed.Ling.Originale: 1820]
300 _a499 p.
500 _aTRADUZIONE DAL FRANCESE. ACQUAMARINA. ZAFFIRO. FELDSPATO. OCCHIO DI GATTO, DI PESCE, DI LUPO.OPALE. ZAFFIRO. BERILLO. RUBINO. TOPAZIO. GIACINTO TORMA LINA. AGATA. ONICE. CORALLO. DIAMANTE. PIETRA POMICE. POZZOLANA. CALAMITA.
501 _aSocietà San Paolo EM - Piazza San Paolo, 14 - 12051 ALBA (CN) (non commercial uses only) ® Copyright 2017
520 _aTRADUZIONE DAL FRANCESE. ACQUAMARINA. ZAFFIRO. FELDSPATO. OCCHIO DI GATTO, DI PESCE, DI LUPO.OPALE. ZAFFIRO. BERILLO. RUBINO. TOPAZIO. GIACINTO TORMA LINA. AGATA. ONICE. CORALLO. DIAMANTE. PIETRA POMICE. POZZOLANA. CALAMITA.
650 _aZOOLOGIA
942 _cBK
957 _71
999 _a31119
_bSI
_g Copie: 1
_c285440
_d285440